000 02080nam a2200421 c 4500
003 BLK
005 20241122114117.0
008 180408b bul|||||r ||||||| ||bul||
010 _aKNG00091977000
020 _a978-954-376-019-0
_bиздат.: Жануа-98
040 _aBLK
041 _aBUL
_cBUL
072 7 _2bullib
_aЛ05
_xДруги методи
080 _aФизикални средства. Лечение с природни средства
_b615.83
_x(035)
_z615.83(035)
080 _aХигиена на напитките. Питеен режим. Лечебни води. Медицински води - Вода за пиене, воден режим, водно гладуване, хигиенно значение на замърсяването и очистването на водата, разхладителни и горе
_b613.3
_x(035)
_z613.3(035)
100 1 _aНеумивакин, Иван Павлович
_eпърви автор
_9102032
139 _aНеумивакин, Иван Павлович
_bН 62
245 1 0 _aКислородната вода
_bСтраж на здравето
_cИван Павлович Неумивакин.
257 _aRUS
260 София
_bЖануа-98
_c2008
300 _a192 с.
_c21 см
380 _a61
490 1 _aКнигите на новия свят
500 _aОриг. загл. Перекись водорода / И. П. Неумывакин. - Съдържа за авт.
650 4 _aВода - лечебно действие
_9269026
650 4 _aВодолечение - наръчници и ръководства
_9151001
650 4 _aТерапия, кислородна
_9302692
653 _aводолечение
653 _aкислородотерапия
653 _aнаръчници
659 _aЛ
852 _aЦб 245683
856 4 _qpdf
_u
856 4 _qpdf
_u
942 _cKNG
_n0
_014
944 _aCR
_c14.10.2009
_k30531
_lЦветелина Шанова
944 _aED
_c10.05.2017
_kЛюдмила_Стоянова
999 _c87343
_d87343